00993nam a2200277 a 4500008004100000020002200041049000900063090001100072100002500083245007100108260005600179300003500235504005400270500002000324650004700344650002500391650004100416650002200457907003500479003000100514005001700515040000900532942001800541999001900559952013700578  a0520214749 (pbk.) aMAIN aHF13591 aFrank, Andre Gunder.10aReOrient :bglobal economy in the Asian Age /cAndre Gunder Frank. aBerkeley :bUniversity of California Press,cc1998. axxix, 416 p. :bmaps ;c24 cm. aIncludes bibliographical references: p. 361-387. aIncludes index. 0aInternational economic relationsxHistory. 0aCapitalismxHistory. 0aCompetition, InternationalxHistory. 0aEconomic history. a.b1002945xb22-07-03c17-04-0320230123133148.0 cNUST cBOOKSkHF1359 c143796d143796 r2023-01-23 00:00:00l1oHF1359 FRAp92003004481v80.00w2023-01-23yBOOKS102LCC40708NFIC00aMAINbMAINcGENd2023-01-23g80.00